Narody z największym poczuciem humoru - Statystyki

Ogólne statystyki
  • Ten quiz został rozwiązany 20 razy
  • Średni wynik to 6 z 10
Statystyki odpowiedzi
Miejsce Państwo % Poprawnych
8. Polska
95%
1. Czechy
75%
9. Dania
70%
10. Węgry
70%
4. Belgia
65%
6. Grecja
65%
3. Irlandia
65%
7. Australia
60%
2. Portugalia
55%
5. Chile
15%
Nie znaleziono quizów pasujących do podanych kryteriów
Rozkład punktacji
Procent ludzi z każdym wynikiem
Percentyl według liczby udzielonych odpowiedzi
Twoja historia wyników
Nie rozwiązałeś tego quizu